Top 10 Most Mountainous Countries - Statistics

General Stats
  • This quiz has been taken 109 times
  • The average score is 6 of 10
Answer Stats
Area Covered Answer % Correct
80.7% Nepal
97%
98.8% Bhutan
94%
83.6% Switzerland
87%
91.9% Tajikistan
71%
90.7% Kyrgyzstan
66%
85.9% Armenia
51%
90.5% Lesotho
38%
89.3% Montenegro
28%
85.5% North Macedonia
16%
81.1% Lebanon
14%
No matching quizzes found
Score Distribution
Percent of People with Each Score
Percentile by Number Answered
Your Score History
You have not taken this quiz